000 00442nam a2200181Ia 4500
001 8162
005 20260306160548.0
008 260306t2005||||xx |||||||||||||| ||spa||
041 _aESP
082 _a370.115
_bC265
100 _aSánchez Iniesta, Tomás
_eAUT
245 0 _aConvivir, aprender y enseñar en el aula
260 _c2005
300 _a224 páginas :
_c22 cm.
650 _aGEN
654 _aCED
942 _cLIB
_dJUS
_fJUS
_2ddc
_n
999 _c8162
_d8162